000 00400nam a2200133Ia 4500
003 GCL
008 140319s9999 xx 000 0 ara d
040 _aGCL /
_cGCL
082 0 4 _a701.8
_bح ح
100 1 _aحسن سليمان
245 1 0 _aالحركة فى الفن و الحياة: كيف تقرا صورة /
_cحسن سليمان
300 _a128 ص
490 _aالمكتبة الثقافية
_v0
999 _c51182
_d51182